000 00732nam a22001697a 4500
003 CEME
005 20210628203729.0
008 210317b xxu||||| |||| 00| 0 eng d
040 _c.
082 _a621.042 ANA'M
100 _aMoran, M.J, Tsatsaronis, G, Bajura, R.A
_967054
245 _aAnalysis and design of advanced energy system, computer aided analysis and design
260 _aNEWYORK
_bASME
_c1987
300 _aV,86P
650 _aCOMPUTER AIDED OPTIMIZATION STEAM TURBINE POWER PLANTS COMPUTER SIMULATION WITH EXPERIMENTAL VALIDATION OF HEAT AND MASS TRANSFER THERMAL ENERGY SYSTEMS-AUTOMATED DESIGN GEOTHERMAL POWER PLANT DIESEL ENGINE COMBUSTION ANALYSIS (GAS TURBINES WIH STEAM INJECTION)
_967055
942 _cBK
_2ddc
999 _c574908
_d574908